[Event "Stay Safe Play From Home 235"]
[Site "Emanuel Lasker Arena"]
[Date "2020.06.18"]
[Round "3"]
[White "Lamborghini"]
[Black "Broken sword"]
[Result "0-1"]
[WhiteElo "2187"]
[BlackElo "2429"]
[Annotator "TA"]
[PlyCount "40"]
[EventDate "2020.06.18"]
[EventType "swiss (blitz)"]

{[%evp 13,40,31,46,35,58,33,40,43,72,47,52,22,48,25,37,6,13,0,316,-49,-42,-45,-31,-506,-504,-496,-493,-485,-471]} 1. e4 c5 2. Nf3 a6 3. c3 d5 4. exd5 Qxd5 5. d4 e6 6. Be2 Nf6 7. O-O Be7 $1 {[%mdl 4] is recently more successful than 7...Nc6.} 8. Ne5 {B28: Sicilian: 2 Nf3 a6 (O'Kelly Variation).} Qd8 {[#]} 9. Bf3 $146 ({Predecessor:} 9. dxc5 Qxd1 10. Rxd1 Bxc5 11. Bf3 Nfd7 12. Nd3 Bd6 13. Nd2 Nc6 14. Nc4 Bc7 15. Be3 Rb8 {½-½ (29) Gochev,M (2222)-Grivas,E (2510) Chalkidiki 2007}) 9... cxd4 10. cxd4 {White is slightly better.} Nbd7 11. Qb3 O-O 12. Nc3 Nxe5 13. dxe5 Nd7 14. Re1 ({But not} 14. Bxb7 $2 Rb8 $19) 14... Nc5 15. Qc2 Bd7 $2 {[%mdl 8192] [#]} (15... Qd3 $11 16. Be4 Qxc2 17. Bxc2 Rd8) 16. Be4 $2 (16. b4 $18) 16... Nxe4 $15 17. Nxe4 Bc6 $40 {[%mdl 128] Black is up to no good.} 18. Rd1 $2 {[%mdl 8192]} (18. Bf4 $15) 18... Bxe4 $1 $19 {Black is clearly winning.} 19. Rxd8 Bxc2 20. Rxa8 Rxa8 {Accuracy: White = 32%, Black = 81%.} 0-1

[Event "Stay Safe Play From Home 235"]
[Site "Emanuel Lasker Arena"]
[Date "2020.06.18"]
[Round "3"]
[White "Lazieri3"]
[Black "Grazie"]
[Result "1-0"]
[WhiteElo "2151"]
[BlackElo "1860"]
[Annotator "TA"]
[PlyCount "91"]
[EventDate "2020.06.18"]
[EventType "swiss (blitz)"]

{[%evp 12,91,63,23,59,29,51,52,82,0,45,-51,-32,-120,-131,-141,-102,-93,-22,-31,-23,-73,-57,-59,-49,-51,-45,-33,0,-60,0,-18,172,-50,-50,-49,-52,-53,-74,-104,-84,-103,-100,-69,-74,-54,-56,-56,-41,-136,-74,-189,-85,-140,-89,-108,0,-205,-87,-239,-87,-166,-62,-153,-145,-162,-173,-241,-238,-231,0,0,0,-441,0,0,0,-71,0,0,0,0]} 1. e4 e6 2. Nc3 d5 3. d4 dxe4 4. Nxe4 Nf6 5. Nxf6+ Qxf6 6. Nf3 h6 7. Be3 b6 {C10: French with 3 Nc3: Unusual Black 3rd moves and 3...dxe4.} 8. Bb5+ c6 9. Ba4 Bb7 {[#] White is slightly better.} 10. c4 $146 (10. O-O $16) ({Predecessor:} 10. O-O Bd6 11. c4 O-O 12. c5 Bc7 13. Bc2 Ba6 14. Re1 Rd8 15. Qc1 Bc4 16. cxb6 axb6 {1-0 (40) Cucancic,S (2255)-Nastic,M (1912) Rijeka 2014}) 10... Nd7 11. d5 (11. O-O $14) 11... Bb4+ $15 12. Bd2 (12. Nd2 $15 exd5 13. cxd5) 12... Bxd2+ $17 13. Qxd2 exd5 14. cxd5 cxd5 (14... O-O-O $1 $17 {And now ...Nc5 would win.} 15. O-O Nc5) 15. Bxd7+ Kxd7 16. O-O-O Rac8+ 17. Kb1 Rhe8 18. Nd4 Qg6+ 19. Ka1 Re4 20. Qd3 (20. f3 $11 Ree8 21. Rc1) 20... Rce8 (20... Qf6 $15 21. Nb5 Rf4) 21. Qb5+ Bc6 $2 (21... Kc8 $11) 22. Nxc6 $2 (22. Qa6 $1 $18 {[%cal Ra6a7]} Rc8 23. Qxa7+ Rc7 24. Qxb6) 22... Qxc6 $15 23. Rxd5+ Kc7 24. Qxc6+ Kxc6 {[%mdl 4096] Endgame KRR-KRR} 25. Rdd1 Re2 26. Rhf1 Rc2 27. Rc1 Ree2 28. Rxc2+ Rxc2 $17 {KR-KR} 29. Kb1 Re2 30. g3 (30. Rc1+ $1 $15 Kd5 31. Rc2 Re1+ 32. Rc1) 30... g5 (30... Kd5 $142 31. h4 Ke4) 31. h4 (31. h3 $17) 31... gxh4 (31... Kd5 $1 $19 32. f3 f6) 32. gxh4 (32. Rh1 $142) 32... Re4 (32... f5 $142 $1 33. Kc1 Kc5) 33. Rh1 Re2 ({Black should try} 33... Rf4 $17 34. Rh2 Kd5) 34. Rh2 $2 (34. Rf1 $1 $11) 34... Kc5 (34... f5 $19 35. Rg2 Kd5) 35. a3 $2 (35. h5 $17 {was worth a try.}) 35... a5 $2 (35... f5 $1 $19 {has better winning chances.} 36. Rg2 f4) 36. Ka2 (36. Rg2 $17) 36... b5 ({Black should play} 36... a4 $19 37. Rg2 b5) 37. Rg2 ({White has to play} 37. a4 $1 $15) 37... a4 38. h5 Kd5 $1 39. Rg8 (39. Kb1 $142) 39... Rxf2 $19 40. Rh8 {[#]} f5 $2 (40... Rf6 $1 $19 41. b3 Rb6) 41. Rxh6 $11 f4 {White must now prevent ...Ke5.} 42. Rb6 $2 {[%mdl 8192] [#]} (42. Rh8 $11 {and White has nothing to worry.} Ke5 43. h6) 42... Kc4 $2 (42... Rh2 $1 $19 {Strongly threatening ...f3.} 43. Rxb5+ Kd4 44. Rb4+ Ke3 45. Rxa4 f3) 43. Rc6+ Kd5 44. Rf6 (44. Rb6 $1 $11) 44... f3 (44... Ke5 $17 45. Rf8 Rc2 46. Re8+ Kf5 47. Rf8+ Kg5) 45. Rf8 Rh2 {Threatens to win with ...Ke4.} 46. h6 {[%mdl 32768] Accuracy: White = 39%, Black = 38%. . Loss on time!?} 1-0

[Event "Stay Safe Play From Home 235"]
[Site "Emanuel Lasker Arena"]
[Date "2020.06.18"]
[Round "3"]
[White "Position"]
[Black "Meclion"]
[Result "1-0"]
[WhiteElo "2053"]
[BlackElo "1362"]
[Annotator "TA"]
[PlyCount "53"]
[EventDate "2020.06.18"]
[EventType "swiss (blitz)"]

{[%evp 9,52,77,82,88,83,64,61,65,93,92,103,91,119,76,128,133,162,67,952,983,1200,1181,29993,1101,1496,1377,1009,373,386,379,437,302,265,178,319,333,269,272,518,245,29995,29996,29998,29999,29999]} 1. e4 e6 2. Nf3 c6 3. d4 b6 4. e5 {[#]} a6 $146 ({Predecessor:} 4... d5 5. Bd3 Ba6 6. O-O c5 7. Bxa6 Nxa6 8. c4 Nc7 9. Nbd2 dxc4 10. Nxc4 Qd5 11. Ne3 {1-0 (46) Manzano Gomez,V (1614)-Mena Mena,D (1790) Ibague 2018}) 5. Bd3 Bb7 6. O-O {C01: French: Exchange Variation.} d5 7. Re1 c5 8. c3 {White is slightly better.} cxd4 9. cxd4 Nc6 10. Nc3 Bb4 11. Bb1 Bxc3 ({Black should play} 11... Rc8) 12. bxc3 $16 Nge7 13. Bg5 (13. Ng5 $18) 13... O-O $2 {[%mdl 8192] Loses the game.} (13... Rc8 $14) 14. Qd3 $18 {[%csl Gb1][%cal Rd3h7]} g6 15. Bf6 {Threatens to win with Qe3.} Qd7 16. Ng5 (16. Qd2 $142 Nf5 17. Bxf5 Ne7 18. Bc2 Qd8 19. Qh6 Nf5 20. Bxf5 Qxf6 21. exf6 gxf5 22. Qg7#) 16... Nf5 17. Qh3 {[%csl Gg5][%cal Rh3h7]} h5 18. Bxf5 $2 (18. g4) 18... exf5 19. Qg3 Nd8 20. Nh3 Ne6 21. Nf4 {Hoping for Nxh5.} Nxf4 (21... Rfc8 $142 22. Nxh5 Kf8) 22. Qxf4 {Qh6 would kill now.} Kh7 23. Re3 {White threatens Rh3! and mate.} Rg8 $2 {[#]} (23... Qe8 {keeps fighting.} 24. Rae1 Bc8) 24. Rh3 $1 $40 {[%mdl 640] Black is in trouble.} Bc8 $2 (24... Qe8 $18 25. Re1 (25. Qg5 Qf8 $16) 25... Rc8) 25. Qg5 {White mates.} Qe6 {[#]} 26. Rxh5+ $1 {[%mdl 512]} gxh5 27. Qxh5# {Accuracy: White = 53%, Black = 19%.} 1-0

[Event "Stay Safe Play From Home 235"]
[Site "Emanuel Lasker Arena"]
[Date "2020.06.18"]
[Round "3"]
[White "Haris kollari 13"]
[Black "NeatFox"]
[Result "1-0"]
[WhiteElo "1692"]
[BlackElo "1784"]
[Annotator "NA RC"]
[PlyCount "39"]
[EventDate "2020.06.18"]
[EventType "swiss (blitz)"]

1. e4 {[%emt 0:00:01]} b6 {[%emt 0:00:05]} 2. f4 {[%emt 0:00:02]} Bb7 {[%emt 0:00:00]} 3. Nc3 {[%emt 0:00:01]} Nc6 {[%emt 0:00:02]} 4. d4 {[%emt 0:00:01]} g6 {[%emt 0:00:07]} 5. Nf3 {[%emt 0:00:01]} d6 {[%emt 0:00:01]} 6. Be3 {[%emt 0:00:01]} Bg7 {[%emt 0:00:00]} 7. Bd3 {[%emt 0:00:03]} Nf6 {[%emt 0:00:00]} 8. a3 {[%emt 0:00:02]} a5 {[%emt 0:00:13]} 9. O-O {[%emt 0:00:02]} Ba6 {[%emt 0:00:01]} 10. Qe2 {[%emt 0:00:02]} Bxd3 {[%emt 0:00:01]} 11. cxd3 {[%emt 0:00:01]} O-O {[%emt 0:00:11]} 12. d5 {[%emt 0:00:01]} Nb8 {[%emt 0:00:01]} 13. Bd4 {[%emt 0:00:02]} Nbd7 {[%emt 0:00:00]} 14. h3 {[%emt 0:00:02]} Nc5 {[%emt 0:00:01]} 15. Rab1 {[%emt 0:00:04]} Nfd7 {[%emt 0:00:02]} 16. Bxg7 {[%emt 0:00:01]} Kxg7 {[%emt 0:00:01]} 17. d4 {[%emt 0:00:00]} Nb7 {[%emt 0:00:01]} 18. g4 {[%emt 0:00:03]} f6 {[%emt 0:00:14]} 19. f5 {[%emt 0:00:01]} e5 {[%emt 0:00:00]} 20. dxe6 {[%emt 0:00:03] Zeit (Lag: Av=0.37s, max=0.7s)} 1-0

[Event "Stay Safe Play From Home 235"]
[Site "Emanuel Lasker Arena"]
[Date "2020.06.18"]
[Round "3"]
[White "Trotsky"]
[Black "Bardellosport"]
[Result "0-1"]
[WhiteElo "1508"]
[BlackElo "2048"]
[Annotator "TA"]
[PlyCount "62"]
[EventDate "2020.06.18"]
[EventType "swiss (blitz)"]

{[%evp 9,62,27,28,35,57,-109,-87,-109,-110,-118,-117,-152,-128,-168,-180,-176,-164,-148,-116,-116,1,-193,28,-343,-356,-736,-312,-354,-231,-760,-764,-756,-743,-688,-573,-685,-683,-1067,-797,-945,-948,-1058,-996,-1094,-1062,-979,-836,-900,-895,-875,-764,-910,-597,-884,-867]} 1. d4 d6 2. e3 f5 3. c4 Nc6 4. Nc3 e5 5. d5 Nce7 6. Bd3 {[#] A41: 1 d4 d6: Tartakower System and Modern Defence.} e4 $146 ({Predecessor:} 6... Nf6 7. Bc2 g6 8. Nf3 Bh6 9. b4 O-O 10. Bb3 a5 11. bxa5 Rxa5 12. a4 Kh8 {0-1 (52) Paasikangas Tella,J (2200)-Lindqvist,T Finland 1996}) 7. Nxe4 $2 {[#]} (7. Bc2 $14 {stays ahead.}) 7... fxe4 $17 8. Bxe4 {Black is better.} Nf6 9. Bd3 g6 10. Qc2 Bg7 11. Bd2 O-O 12. Nf3 Bf5 13. Ng5 Bxd3 14. Qxd3 Nf5 ({Black should play} 14... Nd7 $17 {Strongly threatening ...Nc5.} 15. Bb4 a5) 15. h4 $2 {White is now going downhill.} (15. Ne6 $11 {and White has nothing to worry.} Qe7 16. e4) 15... h6 $2 (15... Nd7 $19 {aiming for ...Nc5.} 16. Ne6 Nc5 17. Nxc5 dxc5) 16. e4 $2 {[%mdl 8192]} (16. Ne6 $11 {and White is okay.} Qd7 17. e4) 16... hxg5 $19 17. hxg5 $2 {[#]} (17. exf5 Qe8+ 18. Kf1) 17... Ng4 (17... Nxe4 $142 $1 18. O-O (18. Qxe4 Re8) 18... Nxg5) 18. exf5 Rxf5 19. O-O-O $2 (19. O-O) 19... Nxf2 {[%mdl 64] Double Attack. Black is clearly winning.} 20. Qc2 Nxd1 21. Rxd1 Be5 22. Rh1 Qe7 23. Bc3 Qg7 24. Bxe5 Rxe5 25. Qb3 b6 26. Kb1 Rae8 27. a3 Qf7 28. Ka2 Re3 29. Qd1 Qf2 30. Qg4 Qf5 31. Qxf5 gxf5 {Accuracy: White = 25%, Black = 42%.} 0-1

[Event "Stay Safe Play From Home 235"]
[Site "Emanuel Lasker Arena"]
[Date "2020.06.18"]
[Round "4"]
[White "SoulofWolf"]
[Black "Broken sword"]
[Result "0-1"]
[WhiteElo "2193"]
[BlackElo "2436"]
[Annotator "TA"]
[PlyCount "128"]
[EventDate "2020.06.18"]
[EventType "swiss (blitz)"]

{[%evp 9,128,-6,8,0,0,-26,-20,-22,-18,-21,-22,-37,-6,-6,-12,-28,-17,-20,-18,-83,-27,-77,-22,-79,-31,-52,0,-41,-15,-12,0,10,11,-14,9,12,16,11,49,-76,0,0,-12,0,-8,-56,-45,-80,-53,-178,-179,-293,-305,-337,-334,-323,-264,-1084,-300,-301,-285,-337,-258,-350,-336,-445,-443,-436,-397,-439,-431,-432,-427,-403,-403,-445,-414,-465,-419,-452,-296,-232,0,0,0,-297,-282,-516,-475,-576,-553,-739,-715,-720,-722,-893,-893,-842,-791,-828,-754,-29967,-29967,-29966,-29957,-29979,-29980,-29980,-29980,-29981,-29983,-29981,-29982,-29986,-29987,-29994,-29995,-29996,-29996,-29996,-29997]} 1. d4 d5 2. Qd3 c6 3. Nf3 Nf6 {[#]} 4. g3 $146 ({Predecessor:} 4. Bf4 Qb6 5. b3 g6 6. Nh4 Bg7 7. e3 c5 8. c3 Nc6 9. Qb5 Qd8 10. Nf3 Ne4 {0-1 (45) Proskurnov,S (1663)-Zavrazhnov,A (2229) ICCF email 2014}) 4... Bg4 5. Bg2 Bh5 6. h3 {D00: 1 d4 d5: Unusual lines.} Bg6 7. Qd2 h6 8. O-O {The position is equal.} Nbd7 9. c4 e6 10. Qc3 Ne4 11. Qb3 Qb6 12. Nbd2 Be7 13. Nxe4 Bxe4 14. Be3 (14. Nd2 $11) 14... O-O (14... dxc4 $17 15. Qc3 Qb4) 15. Rac1 Rfc8 (15... dxc4 $17 16. Qc3 Qa6) 16. h4 (16. Ne5 $11 Nxe5 17. dxe5 Qxb3 18. axb3) 16... Bf6 17. Qc3 Be7 (17... Qa6 $15) 18. c5 Qc7 19. b4 a6 20. Bf4 Qd8 21. Ne5 Bxg2 22. Kxg2 Bf6 23. Nd3 Qe7 24. Qd2 (24. a4 $14 {keeps the upper hand.}) 24... e5 ({Black should play} 24... Bxd4 $17 {aiming for ...e5.} 25. Bd6 Qf6) 25. dxe5 Nxe5 26. Nxe5 Bxe5 27. Be3 Re8 28. Rfd1 Bf6 29. Bf4 (29. Qd3 $15) 29... Qe4+ $19 30. f3 (30. Kg1 $142) 30... Qxe2+ 31. Kh3 Qxf3 32. Rf1 Qe2 33. Rc2 $2 (33. Rce1 Qb5 34. a3) 33... Qxd2 $2 (33... Qxf1+ 34. Qg2 Qb1) 34. Rxd2 Re4 35. a3 Rae8 36. Rff2 Bd4 37. Rg2 Be3 38. Bxe3 Rxe3 {[%mdl 4096] Endgame KRR-KRR} 39. Ra2 Rb3 40. Rgb2 Ree3 41. Rxb3 Rxb3 {KR-KR} 42. Kg4 g6 43. Kf4 Kg7 44. g4 Rc3 45. Ke5 {[#]} Kf8 $2 ({Better is} 45... f5 $1 $19 46. gxf5 Re3+ 47. Kd6 g5 48. hxg5 hxg5) 46. Kd6 $1 $11 Re3 {Strongly threatening ...Re7.} 47. Kc7 $2 {[%mdl 8192] White is now going downhill.} (47. g5 $1 $11) 47... Re7+ $19 48. Kb6 $2 (48. Kb8 {was necessary.}) 48... Rd7 49. Rd2 d4 50. Rd3 Ke7 51. a4 Ke6 52. b5 axb5 53. axb5 cxb5 54. Kxb5 Kd5 55. Kb6 Ke4 {Black mates.} 56. Rd2 d3 57. c6 bxc6 58. Kxc6 Rd8 59. Kc5 Ke3 60. Rd1 d2 61. Rg1 d1=Q 62. Rg3+ Kf4 63. Rc3 Rc8+ 64. Kb4 {[#]} Qd2 $1 {Accuracy: White = 42%, Black = 67%.} 0-1

[Event "Stay Safe Play From Home 235"]
[Site "Emanuel Lasker Arena"]
[Date "2020.06.18"]
[Round "4"]
[White "Lamborghini"]
[Black "BrainThinker22"]
[Result "1-0"]
[WhiteElo "2180"]
[BlackElo "2277"]
[Annotator "NA RC"]
[PlyCount "97"]
[EventDate "2020.06.18"]
[EventType "swiss (blitz)"]

1. e4 {[%emt 0:00:03]} d5 {[%emt 0:00:00]} 2. exd5 {[%emt 0:00:02]} Qxd5 {[%emt 0:00:00]} 3. Nc3 {[%emt 0:00:01]} Qd6 {[%emt 0:00:00]} 4. d4 {[%emt 0:00:01]} Nf6 {[%emt 0:00:00]} 5. Nf3 {[%emt 0:00:01]} a6 {[%emt 0:00:00]} 6. g3 {[%emt 0:00:01]} Bg4 {[%emt 0:00:01]} 7. Bg2 {[%emt 0:00:01]} Nc6 {[%emt 0:00:01]} 8. O-O {[%emt 0:00:01]} O-O-O {[%emt 0:00:01]} 9. d5 {[%emt 0:00:01]} Bxf3 {[%emt 0:00:01]} 10. Qxf3 {[%emt 0:00:02]} Ne5 {[%emt 0:00:00]} 11. Qe2 {[%emt 0:00:02]} Ng6 {[%emt 0:00:02]} 12. Rd1 {[%emt 0:00:02]} h6 {[%emt 0:00:03]} 13. a4 {[%emt 0:00:01]} Qb4 {[%emt 0:00:02]} 14. a5 {[%emt 0:00:01]} e6 {[%emt 0:00:04]} 15. Ra4 {[%emt 0:00:01]} Qc5 {[%emt 0:00:04]} 16. dxe6 {[%emt 0:00:02]} Rxd1+ {[%emt 0:00:00]} 17. Qxd1 {[%emt 0:00:01]} fxe6 {[%emt 0:00:01]} 18. Be3 {[%emt 0:00:01]} Qd6 {[%emt 0:00:02]} 19. Qf3 {[%emt 0:00:01]} c6 {[%emt 0:00:02]} 20. Ne4 {[%emt 0:00:02]} Nxe4 {[%emt 0:00:01]} 21. Rxe4 {[%emt 0:00:01]} Be7 {[%emt 0:00:03]} 22. h4 {[%emt 0:00:01]} Bf6 {[%emt 0:00:01]} 23. c3 {[%emt 0:00:02]} Ne5 {[%emt 0:00:01]} 24. Qe2 {[%emt 0:00:01]} Rd8 {[%emt 0:00:01]} 25. Bb6 {[%emt 0:00:01]} Qd1+ {[%emt 0:00:01]} 26. Kh2 {[%emt 0:00:01]} Qxe2 {[%emt 0:00:02]} 27. Rxe2 {[%emt 0:00:01]} Rd7 {[%emt 0:00:01]} 28. Bh3 {[%emt 0:00:01]} Re7 {[%emt 0:00:01]} 29. f4 {[%emt 0:00:01]} Nd7 {[%emt 0:00:03]} 30. Rxe6 {[%emt 0:00:02]} Rxe6 {[%emt 0:00:02]} 31. Bxe6 {[%emt 0:00:01]} Be7 {[%emt 0:00:01]} 32. Kg2 {[%emt 0:00:01]} Bd6 {[%emt 0:00:01]} 33. Kf3 {[%emt 0:00:01]} g6 {[%emt 0:00:01]} 34. Ke4 {[%emt 0:00:02]} g5 {[%emt 0:00:01]} 35. fxg5 {[%emt 0:00:01]} hxg5 {[%emt 0:00:00]} 36. h5 {[%emt 0:00:00]} Bf8 {[%emt 0:00:01]} 37. Bxd7+ {[%emt 0:00:00]} Kxd7 {[%emt 0:00:01]} 38. Kf5 {[%emt 0:00:01]} g4 {[%emt 0:00:03]} 39. Bd4 {[%emt 0:00:01]} Bh6 {[%emt 0:00:01]} 40. Kxg4 {[%emt 0:00:01]} Ke6 {[%emt 0:00:01]} 41. b4 {[%emt 0:00:00]} Kd5 {[%emt 0:00:01]} 42. Kh3 {[%emt 0:00:00]} Ke6 {[%emt 0:00:00]} 43. g4 {[%emt 0:00:00]} Bf8 {[%emt 0:00:03]} 44. Kh4 {[%emt 0:00:00]} Kf7 {[%emt 0:00:00]} 45. g5 {[%emt 0:00:00]} Be7 {[%emt 0:00:00]} 46. Kg4 {[%emt 0:00:00]} Bf8 {[%emt 0:00:00]} 47. g6+ {[%emt 0:00:00]} Kg8 {[%emt 0:00:00]} 48. h6 {[%emt 0:00:01]} Be7 {[%emt 0:00:00]} 49. h7+ {[%emt 0:00:00] Time (Lag: Av=0.30s, max=0.7s)} 1-0

[Event "Stay Safe Play From Home 235"]
[Site "Emanuel Lasker Arena"]
[Date "2020.06.18"]
[Round "4"]
[White "Weltszmerc"]
[Black "Trotsky"]
[Result "1-0"]
[WhiteElo "2172"]
[BlackElo "1506"]
[Annotator "TA"]
[PlyCount "47"]
[EventDate "2020.06.18"]
[EventType "swiss (blitz)"]

{[%evp 10,46,29,25,29,37,109,73,66,53,284,222,297,306,358,339,400,336,675,620,843,620,972,924,776,442,463,263,256,215,625,505,684,674,863,592,1002,1003,29999]} 1. d4 d5 2. c4 e6 3. Nf3 c5 4. cxd5 exd5 5. g3 Nc6 6. Bg2 Be6 {D30: Queen's Gambit Declined: Systems without Nc3.} 7. O-O {[#]} Qc7 $146 ({Black should play} 7... Be7 $14) ({Predecessor:} 7... h6 8. Nc3 Nf6 9. b3 Be7 10. Bb2 O-O 11. dxc5 Bxc5 12. Rc1 Qe7 13. Nb5 Ne4 14. Nbd4 Rac8 15. Nxe6 fxe6 16. e3 Ba3 17. Qe2 Bxb2 18. Qxb2 e5 19. a3 Nc5 {½-½ (35) Kakageldyev,A (2449)-Guliev,S (2490) Al Ain 2008}) 8. dxc5 Bxc5 {White is better.} 9. a3 O-O-O $2 {[#] This move loses the game for Black.} (9... Nf6 $14) 10. b4 {[%cal Bb2b4,Bb4b5,Bb5a6,Ba6a7][%mdl 32]} Bd6 11. Nc3 a6 12. b5 ({Less strong is} 12. Nxd5 Bxd5 13. Qxd5 Kb8 $18) 12... Ne5 13. Bb2 Ng4 $2 (13... Nc4) 14. bxa6 $18 Kb8 15. Rc1 Bc5 16. Nb5 Qb6 17. a7+ Ka8 {[%cal Rc5f2]} 18. Rxc5 (18. Bd4 $142 Rc8 19. Rxc5 (19. Bxg7 Nxf2 20. Qb3 Nd3+ 21. Rxc5 Nxc5 $16) 19... Rxc5 20. Nc3) 18... Qxc5 19. a4 d4 $2 (19... N8f6 20. h3 Nxf2 21. Rxf2 Ne4 {[%mdl 64] Pin}) 20. h3 h5 21. Bxd4 Qc8 22. Qc1 {[#] Strongly threatening Nc7+.} Qxc1 23. Rxc1 {[%cal Rb5c7]} Ne7 24. Nc7# {Accuracy: White = 48%, Black =  8%.} 1-0

[Event "Stay Safe Play From Home 235"]
[Site "Emanuel Lasker Arena"]
[Date "2020.06.18"]
[Round "4"]
[White "Bardellosport"]
[Black "Position"]
[Result "1-0"]
[WhiteElo "2050"]
[BlackElo "2053"]
[Annotator "TA"]
[PlyCount "89"]
[EventDate "2020.06.18"]
[EventType "swiss (blitz)"]

{[%evp 9,89,-9,-9,-21,-13,-18,-18,-25,0,-24,-29,-39,-30,-34,-35,-55,-50,-66,-71,-75,-77,-146,-114,-143,-118,-124,-107,-105,-102,-143,-118,-145,-145,-142,-120,-171,-172,-332,-173,-185,-167,-174,-95,-181,-30,-122,-57,-53,0,0,0,0,97,-397,-375,-1125,-1064,-1042,1262,1220,12836,12827,2444,362,320,0,0,0,0,0,29986,0,737,142,141,141,133,123,5317,5310,4133,951]} 1. d4 d5 2. e3 Nf6 3. f4 b6 4. Nf3 Bb7 5. Bd3 e6 6. Qe2 {D00: 1 d4 d5: Unusual lines.} Bd6 7. c3 O-O 8. Nbd2 {[#] The position is equal.} Ne4 $146 ({Predecessor:} 8... c5 9. Ne5 Nbd7 10. O-O Qe7 11. g4 Ne4 12. Qg2 cxd4 13. exd4 f5 14. g5 Bxe5 15. dxe5 Ndc5 16. Qe2 a5 17. Bb5 Rfd8 18. Nf3 {½-½ (57) Szabo,E (2104)-Berta,G (2028) Hungary 2007}) 9. O-O (9. Bxe4 $5 dxe4 10. Ng5 $11) 9... Nd7 10. Bxe4 dxe4 11. Ne5 f6 12. Nxd7 Qxd7 13. Re1 c5 14. Nb3 a5 15. Qf2 (15. Rd1 $142 cxd4 16. Nxd4) 15... Ba6 16. Bd2 Bd3 17. Nc1 c4 18. Nxd3 cxd3 19. Kh1 f5 20. Rg1 b5 21. g4 Be7 22. gxf5 (22. Qg2 $17 Bf6 23. h4) 22... exf5 $19 23. Rg3 $2 (23. b3 {keeps fighting.}) 23... Bf6 (23... Bh4 $142 24. Rxg7+ Qxg7 25. Qxh4 Ra6) 24. Qg2 Rab8 25. Rg1 b4 (25... Rfc8 $19 26. a3 b4 $1 {[%mdl 512]} 27. axb4 axb4) 26. h4 (26. c4 $17 {was called for.}) 26... h6 $2 (26... Rfc8 $19 {Threatens to win with ...Qf7.} 27. h5 Kh8) 27. h5 (27. c4 $11) 27... Qf7 ({Black should try} 27... Rfc8 $17 28. Rg6 Kh8) 28. Rg6 $15 bxc3 (28... Kh8 $15) 29. Bxc3 $11 a4 30. Rxh6 {Strongly threatening Rg6.} Rfc8 (30... a3 $1 $11 {keeps the balance.} 31. bxa3 Rfc8) 31. Rg6 $2 {[%mdl 8192]} (31. a3 $1 $16 {stays on course.}) 31... a3 $1 $19 {[%cal Ra3b2] ...axb2 is the strong threat.} 32. h6 $2 (32. Rc1 axb2 33. Bxb2) 32... axb2 33. Bxb2 Ra8 $4 {[%mdl 8192]} (33... Rc2 $19 34. Qh3 Rbxb2 35. hxg7 Rh2+ $1 {[%mdl 512]} 36. Qxh2 Rxh2+ 37. Kxh2 d2) 34. hxg7 $18 Rxa2 35. Rh6 {[%csl Gg7][%cal Rh6h8]} Bxg7 {[#]} 36. Rg6 $2 (36. d5 $1 {[%cal Rg2g7][%mdl 512]} Rxb2 (36... Qxd5 37. Qxg7#) 37. Qxb2) 36... Rc7 {[#]} ({Avoid the trap} 36... Kf8 $2 37. Qg5 $18) 37. Qh2 $2 $40 {[%mdl 128] White attacks.} (37. d5 $1 $18 {[%cal Rd5d6][%mdl 512]} Rb7 (37... Qxd5 38. Rxg7+) 38. Rxg7+ Qxg7 39. Qxg7+ (39. Bxg7 Rxg2 40. Rxg2 Rb5 $18) 39... Rxg7 40. Rxg7+ Kf8 41. Rg2) 37... Rb7 $11 38. R6g2 Raxb2 39. Rxb2 Rc7 $2 {[%mdl 8192]} (39... Rxb2 $11 40. Qxb2 Qh5+ 41. Qh2 Qf3+ {[%mdl 64] Double Attack} 42. Qg2 Qh5+ 43. Qh2 Qf3+ {[%mdl 64] Double Attack} 44. Qg2 Qh5+ 45. Qh2) 40. Qg2 $2 (40. Rb8+ {mates} Qf8 41. Qa2+ Rf7 42. Rxf8+ Kxf8 43. Qa8+ Ke7 44. Rg6 Bf6 45. Qb7+ Kf8 46. Qc8+ Ke7 47. Qc7+ Ke8 48. Rg8+ Rf8 49. Qc8+ Bd8 50. Qe6+ Be7 51. Rg7) 40... Rc8 $2 {[%mdl 8192]} (40... Qh5+ $11 41. Qh2 Qf3+ {[%mdl 64] Double Attack} 42. Qg2 Qh5+ 43. Qh2 Qf3+ {[%mdl 64] Double Attack} 44. Qg2 Qh5+) 41. Rf2 $2 (41. Qh3 $18 {is more deadly. Black must now prevent Rh2.} Qf6 42. Rb7) 41... Qh5+ $16 42. Qh2 Qxh2+ 43. Rxh2 {And now Rhg2 would win.} Rc2 $2 {[%mdl 8192]} (43... Kf7 $16 44. Rh7 Kf6) 44. Rxc2 $18 dxc2 45. Rc1 {Accuracy: White = 45%, Black = 45%.} (45. Kg2 $142 Kf7 46. Rc1) 1-0

[Event "Stay Safe Play From Home 235"]
[Site "Emanuel Lasker Arena"]
[Date "2020.06.18"]
[Round "4"]
[White "NeatFox"]
[Black "Klasman"]
[Result "1-0"]
[WhiteElo "1762"]
[BlackElo "1284"]
[Annotator "NA RC"]
[PlyCount "33"]
[EventDate "2020.06.18"]
[EventType "swiss (blitz)"]

1. g4 {[%emt 0:00:00]} e5 {[%emt 0:00:03]} 2. Bg2 {[%emt 0:00:00]} d5 {[%emt 0:00:01]} 3. c4 {[%emt 0:00:00]} dxc4 {[%emt 0:00:07]} 4. Qa4+ {[%emt 0:00:02]} c6 {[%emt 0:00:01]} 5. Qxc4 {[%emt 0:00:01]} h6 {[%emt 0:00:06]} 6. Qb3 {[%emt 0:00:01]} Nf6 {[%emt 0:00:02]} 7. h3 {[%emt 0:00:01]} Bc5 {[%emt 0:00:04]} 8. Nc3 {[%emt 0:00:01]} Bb6 {[%emt 0:00:10]} 9. d3 {[%emt 0:00:01]} Be6 {[%emt 0:00:01]} 10. Qd1 {[%emt 0:00:01]} Qd4 {[%emt 0:00:04]} 11. Be3 {[%emt 0:00:01]} Qb4 {[%emt 0:00:02]} 12. Rb1 {[%emt 0:00:02]} Ba5 {[%emt 0:00:03]} 13. Bd2 {[%emt 0:00:01]} Bxg4 {[%emt 0:00:04]} 14. hxg4 {[%emt 0:00:02]} Nxg4 {[%emt 0:00:01]} 15. Nd5 {[%emt 0:00:03]} Qc5 {[%emt 0:00:05]} 16. Bxa5 {[%emt 0:00:03]} Qxf2+ {[%emt 0:00:02]} 17. Kd2 {[%emt 0:00:02] Time (Lag: Av=0.40s, max=0.7s)} 1-0